Plant gene transfer : Proceedings of a UCLA symposium , Held at Park City,1989 (Record no. 366829)

MARC details
000 -LEADER
fixed length control field 005060000a22001570004500
020 ## - INTERNATIONAL STANDARD BOOK NUMBER
International Standard Book Number 0471567396
082 ## - DEWEY DECIMAL CLASSIFICATION NUMBER
Classification number 581.87322 PLA
100 ## - MAIN ENTRY--PERSONAL NAME
Personal name Cristopher J Lamb
-- Roger N Beachy
245 ## - TITLE STATEMENT
Title Plant gene transfer : Proceedings of a UCLA symposium , Held at Park City,1989
260 ## - PUBLICATION, DISTRIBUTION, ETC. (IMPRINT)
Place of publication, distribution, etc. New York, Willeyt - Liss
260 ## - PUBLICATION, DISTRIBUTION, ETC. (IMPRINT)
Date of publication, distribution, etc. 1990
300 ## - PHYSICAL DESCRIPTION
Extent 345
490 ## - SERIES STATEMENT
Series statement UCLA symposis on moleclar and cell biology
650 ## - SUBJECT ADDED ENTRY--TOPICAL TERM
Topical term or geographic name as entry element Gene transfer/ genetic engineering Crop-genetic Engineering /
942 ## - ADDED ENTRY ELEMENTS (KOHA)
Koha item type Books (General)
Holdings
Withdrawn status Lost status Damaged status Not for loan Collection code Home library Current library Shelving location Date acquired Cost, normal purchase price Total Checkouts Full call number Barcode Date last seen Price effective from Koha item type
        Reference Book College of Agriculture, Vellayani College of Agriculture, Vellayani Reference 02/05/2014 0.00   581.87322 PLA KAU_COAV-24831 03/09/2025 02/05/2014 Reference Book
Kerala Agricultural University Central Library
Thrissur-(Dt.), Kerala Pin:- 680656, India
Ph : (+91)(487) 2372219
E-mail: librarian@kau.in
Website: http://library.kau.in/